Punk Rock Albums by Band - Statistics

General Stats
  • This quiz has been taken 1,034 times
  • The average score is 4 of 8
Answer Stats
Hint Answer % Correct
London Calling The Clash
92%
Rocket to Russia The Ramones
67%
Damaged Black Flag
65%
Bedtime for Democracy Dead Kennedys
48%
Out of Step Minor Threat
47%
Walk Among Us The Misfits
44%
Suffer Bad Religion
43%
Start Today Gorilla Biscuits
19%
No matching quizzes found
Score Distribution
Percent of People with Each Score
Percentile by Number Answered
Your Score History
You have not taken this quiz